000 00471nam a2200157 i 4500
001 43779
003 ES-MaACL
005 20230906160856.0
007 t|
008 030318m19701973sp ||||1| spa d
245 0 0 _aCatálogo industrial de Zaragoza.
260 _aZaragoza :
_b[s.n.],
_c1970-73.
300 _a2 v. ;
_c22 cm.
505 8 _aContiene: V. I: Alimentación. -- V. VI: Industria de la construcción, vidrio y cerámica
852 _aES-MaACL
_jP-1698
_bR.73963
999 _c43779
_d43779